Countries That have Controlled Barcelona - Statistics

General Stats
  • This quiz has been taken 36 times
    20 since last reset
  • The average score is 7 of 12
Answer Stats
Years Country % Correct
1162 - 1479 Crown of Aragon
100%
1479 - Now Spain
100%
269 - 403 Roman Empire
93%
221BC - 260 Roman Republic
93%
403 - 474 Western Roman Empire
93%
987 - 1162 Barcelona
71%
755 - 801 Cordoba
50%
474 - 711 Visigothic Kingdom
50%
711 - 755 Umayyad Caliphate
36%
260 - 269 Gallic Empire
29%
801 - 987 Frankish Empire
21%
350BC - 221BC Iberian Laietians
0%
No matching quizzes found
Score Distribution
Percent of People with Each Score
Percentile by Number Answered
Your Score History
You have not taken this quiz since the last reset